000 00675nem a2200241 4500
001 261282
005 20180104040520.0
007 ad canzn
008 790626s1979 dcu e eng
010 _a 79017204
020 _a0870443119
020 _a0870443127 (lib. bdg.)
040 _aDLC
_cDLC
_dDLC
041 _aeng
080 _a912 BEN
082 0 0 _a912 BEN
100 _a42
101 _aGJEO
245 1 0 _aNational Geographic picture atlas of our world /
_c[prepared by National Geographic Book Service ; Ross S. Bennett, editor].
740 _aPicture atlas of our world.
906 _a7
_bcbc
_corignew
_d1
_eocip
_f19
_gy-geogmaps
942 _2ddc
_cBK
999 _c39662
_d39662